| 000 | 00738nam a2200193 a 4500 | ||
|---|---|---|---|
| 008 | 150224s2013 ||||||||||||||||| || u | ||
| 020 | _a9781416060444 | ||
| 050 | _aQR 255 Zei | ||
| 100 | _aZeibig, Elizabeth A | ||
| 245 | 1 | 0 |
_aClinical parasitology: a practical approach. (2nd ed.) _cBy Elizabeth A. Zeibig |
| 250 | _a2nd ed. | ||
| 260 |
_aSt. Louis Missouri _bElsevier _c2013 |
||
| 300 | _axiv, 370p.: ill. | ||
| 350 | _a68.95 | ||
| 650 | _aPARASITES | ||
| 650 | _aDIAGNOSTIC PARASITOLOGY | ||
| 650 | _aPARASITIC DISEASES--PREVENTION AND CONTROL | ||
| 995 |
_aMEDICAL LIBRARY OPEN ACCESS _e902965 _FCBU-SCHOOL OF MEDICINE LIBRARY (Ndola) _I68.95 _jQR 255 Zei _M1 _UAVAILABLE _WMar 16, 2015 _y902965 _ZMedical Library Open Access Collection |
||
| 999 |
_c31040 _d31040 |
||